00852cam a22002411 4500001001300000003000400013005001700017008004100034010001700075035002000092040004600112050002100158051002300179100003500202245011800237260004400355300002600399490005000425500001900475500005700494650004200551999001700593e 18000502 DLC20260227111209.0960612s1918 dcua f000 0 eng c ae 18000502  a(OCoLC)34918817 aLibrary, U.S. Bur. of EducationcMoUdDLC00aL111b.A56 no. 8 aS533b.J3cCopy 3.1 aJarvis, Chester Deacon,d1876-10aAdministrative organization of the college of agriculture.cBy C.D. Jarvis, specialist in agricultural education. a[Washington,bGovt. Print. Off.,c1918] a16 p.bdiagr.c23 cm.0 aHigher education circular,vno. 8, March 1918 aCaption title. aAt head of title: ... Department of the Interior ... 0aAgricultural collegeszUnited States. c20202d20202